10. Personaggi della seconda guerra mondiale dall'immagine - Statistics

Statistiche generali
  • Questo quiz è stato fatto 100 volte
  • Il punteggio medio è 13 su 40
Statistiche sulle risposte
con Immagini Risposta % Corretto
Benito Mussolini
100%
Adolf Hitler
96%
Iosif Stalin
87%
Winston Churchill
86%
Vittorio Emanuele III di Savoia
71%
Franklin D. Roosevelt
62%
Pietro Badoglio
59%
Harry Truman
58%
Hirohito
54%
Charles de Gaulle
49%
Erwin Rommel
48%
Heinrich Himmler
48%
Hermann Göring
44%
Dwight Eisenhower
43%
Robert Oppenheimer
37%
Giorgio VI del Regno Unito
33%
Philippe Pétain
32%
Galeazzo Ciano
30%
Douglas MacArthur
29%
George Smith Patton
24%
Alan Turing
23%
Joachim von Ribbentrop
22%
Bernard Montgomery
19%
Georgij Zukov
18%
Karl Dönitz
18%
Hideki Tojo
15%
Isoroku Yamamoto
13%
Heinz Guderian
11%
Reinhard Heydrich
11%
Amedeo di Savoia-Aosta
10%
Giovanni Messe
10%
Friedrich Paulus
9%
Chiang Kai-shek
8%
Wilhelm Keitel
8%
Chester Nimitz
4%
Carl Mannerheim
3%
Maurice Gamelin
3%
Miklos Horthy
3%
Vidkun Quisling
3%
Ion Antonescu
1%
Nessun quiz corrispondente trovato
Distribuzione punteggi
Percentuale di utenti per punteggio
Percentile per numero di risposta
I tuoi punteggi nel tempo
Non hai fatto questo quiz